Trainers manual for participatory management of watershed projects (Record no. 41724)

MARC details
000 -LEADER
fixed length control field 00384nam a2200121Ia 4500
082 ## - DEWEY DECIMAL CLASSIFICATION NUMBER
Classification number 556.51:65(035)
Item number DES
100 ## - MAIN ENTRY--AUTHOR NAME
Personal name Arora, S K
245 #0 - TITLE STATEMENT
Title Trainers manual for participatory management of watershed projects
260 ## - PUBLICATION, DISTRIBUTION, ETC. (IMPRINT)
Place of publication Hyderabad
Name of publisher National Institute of Agricultural Extension Management
700 ## - ADDED ENTRY--PERSONAL NAME
Personal name Desai, G R
942 ## - ADDED ENTRY ELEMENTS (KOHA)
Koha item type Books
Holdings
Withdrawn status Lost status Damaged status Not for loan Home library Current library Date acquired Cost, normal purchase price Full call number Accession Number Koha item type
        RRII Library RRII Library 16/12/2021 100.00 556.51:65(035) DES 22010 Books